| 000 -LEADER |
| fixed length control field |
03756cas a2200769 a 4500 |
| 001 - CONTROL NUMBER |
| control field |
11392694 |
| 003 - CONTROL NUMBER IDENTIFIER |
| control field |
NUST |
| 005 - DATE AND TIME OF LATEST TRANSACTION |
| control field |
20191017151957.0 |
| 008 - FIXED-LENGTH DATA ELEMENTS--GENERAL INFORMATION |
| fixed length control field |
911126c19uu9999nyugr s i0 0eng |
| 010 ## - LIBRARY OF CONGRESS CONTROL NUMBER |
| LC control number |
91659311 |
| 035 ## - SYSTEM CONTROL NUMBER |
| System control number |
(OCoLC)ocm24861799 |
| 038 ## - RECORD CONTENT LICENSOR |
| Staff Name |
MSOHAIL |
| 040 ## - CATALOGING SOURCE |
| Original cataloging agency |
DLC |
| Language of cataloging |
eng |
| Transcribing agency |
DLC |
| Modifying agency |
NST |
| -- |
DLC |
| -- |
MYG |
| -- |
UMC |
| -- |
IUL |
| -- |
SYS |
| -- |
OCLCQ |
| -- |
DLC |
| -- |
CLU |
| -- |
EEM |
| -- |
OCLCQ |
| -- |
OCLCO |
| -- |
OCLCA |
| -- |
OCLCQ |
| -- |
OCLCA |
| -- |
OCLCF |
| -- |
CUV |
| -- |
OCLCO |
| -- |
NLC |
| -- |
OCLCQ |
| -- |
PAU |
| -- |
OCLCO |
| -- |
CPO |
| -- |
ZAS |
| 042 ## - AUTHENTICATION CODE |
| Authentication code |
pcc |
| 050 00 - LIBRARY OF CONGRESS CALL NUMBER |
| Classification number |
HB2161 |
| Item number |
.P76 |
| 082 00 - DEWEY DECIMAL CLASSIFICATION NUMBER |
| Classification number |
307.7605 |
| Edition number |
20 |
| 100 ## - MAIN ENTRY--PERSONAL NAME |
| Personal name |
United Nations |
| 9 (RLIN) |
20028 |
| 245 00 - TITLE STATEMENT |
| Title |
World Urbanization Prospects: The 2003 Revision |
| 260 ## - PUBLICATION, DISTRIBUTION, ETC. |
| Place of publication, distribution, etc. |
New York : |
| Name of publisher, distributor, etc. |
United Nations, Dept. of International Economic and Social Affairs |
| Date of publication, distribution, etc. |
2004 |
| 300 ## - PHYSICAL DESCRIPTION |
| Extent |
323,p; |
| Other physical details |
illustrations ; |
| Dimensions |
28 cm |
| 310 ## - CURRENT PUBLICATION FREQUENCY |
| Current publication frequency |
Biennial, |
| Date of current publication frequency |
<1990-> |
| 336 ## - CONTENT TYPE |
| Content type term |
text |
| Content type code |
txt |
| Source |
rdacontent |
| 337 ## - MEDIA TYPE |
| Media type term |
unmediated |
| Media type code |
n |
| Source |
rdamedia |
| 338 ## - CARRIER TYPE |
| Carrier type term |
volume |
| Carrier type code |
nc |
| Source |
rdacarrier |
| 515 ## - NUMBERING PECULIARITIES NOTE |
| Numbering peculiarities note |
Issues for 1992- called 1992 revision- |
| 515 ## - NUMBERING PECULIARITIES NOTE |
| Numbering peculiarities note |
None published 1997-1998. |
| 530 ## - ADDITIONAL PHYSICAL FORM AVAILABLE NOTE |
| Additional physical form available note |
Also issued online. |
| 550 ## - ISSUING BODY NOTE |
| Issuing body note |
Issued by: United Nations, Dept. of International Economic and Social Affairs, <1990->; United Nations, Dept. of Economic and Social Information and Policy Analysis, <1992->; United Nations, Dept. of Economic and Social Affairs, Population Division, <1996-> |
| 588 ## - SOURCE OF DESCRIPTION NOTE |
| Source of description note |
Description based on: 1990. |
| 588 ## - SOURCE OF DESCRIPTION NOTE |
| Source of description note |
Latest issue consulted: 2003. |
| 590 ## - LOCAL NOTE (RLIN) |
| Local note |
SERBIB/SERLOC merged record |
| 650 #0 - SUBJECT ADDED ENTRY--TOPICAL TERM |
| Topical term or geographic name entry element |
Urbanization |
| General subdivision |
Forecasting |
| Form subdivision |
Periodicals. |
| 9 (RLIN) |
24232 |
| 650 #0 - SUBJECT ADDED ENTRY--TOPICAL TERM |
| Topical term or geographic name entry element |
Urbanization |
| Form subdivision |
Statistics |
| -- |
Periodicals. |
| 9 (RLIN) |
24233 |
| 650 #0 - SUBJECT ADDED ENTRY--TOPICAL TERM |
| Topical term or geographic name entry element |
Cities and towns |
| General subdivision |
Growth |
| -- |
Forecasting |
| Form subdivision |
Periodicals. |
| 9 (RLIN) |
24234 |
| 650 #0 - SUBJECT ADDED ENTRY--TOPICAL TERM |
| Topical term or geographic name entry element |
Cities and towns |
| General subdivision |
Growth |
| Form subdivision |
Statistics |
| -- |
Periodicals. |
| 9 (RLIN) |
24235 |
| 650 #0 - SUBJECT ADDED ENTRY--TOPICAL TERM |
| Topical term or geographic name entry element |
Rural population |
| General subdivision |
Forecasting |
| Form subdivision |
Periodicals. |
| 9 (RLIN) |
24236 |
| 650 #0 - SUBJECT ADDED ENTRY--TOPICAL TERM |
| Topical term or geographic name entry element |
Rural population |
| Form subdivision |
Statistics |
| -- |
Periodicals. |
| 9 (RLIN) |
24237 |
| 650 #0 - SUBJECT ADDED ENTRY--TOPICAL TERM |
| Topical term or geographic name entry element |
Population forecasting |
| Form subdivision |
Periodicals. |
| 9 (RLIN) |
24238 |
| 650 #0 - SUBJECT ADDED ENTRY--TOPICAL TERM |
| Topical term or geographic name entry element |
Population |
| Form subdivision |
Statistics |
| -- |
Periodicals. |
| 9 (RLIN) |
24239 |
| 650 #7 - SUBJECT ADDED ENTRY--TOPICAL TERM |
| Topical term or geographic name entry element |
Cities and towns |
| General subdivision |
Growth. |
| Source of heading or term |
fast |
| Authority record control number or standard number |
(OCoLC)fst00861781 |
| 9 (RLIN) |
24240 |
| 650 #7 - SUBJECT ADDED ENTRY--TOPICAL TERM |
| Topical term or geographic name entry element |
Cities and towns |
| General subdivision |
Growth |
| -- |
Forecasting. |
| Source of heading or term |
fast |
| Authority record control number or standard number |
(OCoLC)fst00861787 |
| 9 (RLIN) |
24241 |
| 650 #7 - SUBJECT ADDED ENTRY--TOPICAL TERM |
| Topical term or geographic name entry element |
Population. |
| Source of heading or term |
fast |
| Authority record control number or standard number |
(OCoLC)fst01071476 |
| 9 (RLIN) |
3628 |
| 650 #7 - SUBJECT ADDED ENTRY--TOPICAL TERM |
| Topical term or geographic name entry element |
Population forecasting. |
| Source of heading or term |
fast |
| Authority record control number or standard number |
(OCoLC)fst01071556 |
| 9 (RLIN) |
24242 |
| 650 #7 - SUBJECT ADDED ENTRY--TOPICAL TERM |
| Topical term or geographic name entry element |
Rural population. |
| Source of heading or term |
fast |
| Authority record control number or standard number |
(OCoLC)fst01101774 |
| 9 (RLIN) |
24243 |
| 650 #7 - SUBJECT ADDED ENTRY--TOPICAL TERM |
| Topical term or geographic name entry element |
Rural population |
| General subdivision |
Forecasting. |
| Source of heading or term |
fast |
| Authority record control number or standard number |
(OCoLC)fst01101780 |
| 9 (RLIN) |
24244 |
| 650 #7 - SUBJECT ADDED ENTRY--TOPICAL TERM |
| Topical term or geographic name entry element |
Urbanization. |
| Source of heading or term |
fast |
| Authority record control number or standard number |
(OCoLC)fst01162722 |
| 9 (RLIN) |
24245 |
| 650 #7 - SUBJECT ADDED ENTRY--TOPICAL TERM |
| Topical term or geographic name entry element |
Urbanization |
| General subdivision |
Forecasting. |
| Source of heading or term |
fast |
| Authority record control number or standard number |
(OCoLC)fst01162731 |
| 9 (RLIN) |
24246 |
| 650 #2 - SUBJECT ADDED ENTRY--TOPICAL TERM |
| Topical term or geographic name entry element |
Population |
| General subdivision |
statistics. |
| 9 (RLIN) |
24247 |
| 650 #2 - SUBJECT ADDED ENTRY--TOPICAL TERM |
| Topical term or geographic name entry element |
Population Growth |
| General subdivision |
statistics. |
| 9 (RLIN) |
24248 |
| 650 #2 - SUBJECT ADDED ENTRY--TOPICAL TERM |
| Topical term or geographic name entry element |
Population Dynamics. |
| 9 (RLIN) |
24249 |
| 650 #2 - SUBJECT ADDED ENTRY--TOPICAL TERM |
| Topical term or geographic name entry element |
Urbanization |
| General subdivision |
statistics. |
| 9 (RLIN) |
24250 |
| 655 #7 - INDEX TERM--GENRE/FORM |
| Genre/form data or focus term |
Periodicals. |
| Source of term |
fast |
| Authority record control number |
(OCoLC)fst01411641 |
| 9 (RLIN) |
24251 |
| 655 #7 - INDEX TERM--GENRE/FORM |
| Genre/form data or focus term |
Statistics. |
| Source of term |
fast |
| Authority record control number |
(OCoLC)fst01423727 |
| 9 (RLIN) |
11159 |
| 710 2# - ADDED ENTRY--CORPORATE NAME |
| Corporate name or jurisdiction name as entry element |
United Nations. |
| Subordinate unit |
Department of International Economic and Social Affairs. |
| 9 (RLIN) |
24252 |
| 710 2# - ADDED ENTRY--CORPORATE NAME |
| Corporate name or jurisdiction name as entry element |
United Nations. |
| Subordinate unit |
Department for Economic and Social Information and Policy Analysis. |
| 9 (RLIN) |
24253 |
| 710 2# - ADDED ENTRY--CORPORATE NAME |
| Corporate name or jurisdiction name as entry element |
United Nations. |
| Subordinate unit |
Department of Economic and Social Affairs. |
| -- |
Population Division. |
| 9 (RLIN) |
24254 |
| 776 08 - ADDITIONAL PHYSICAL FORM ENTRY |
| Relationship information |
Online version: |
| Title |
World urbanization prospects |
| Record control number |
(OCoLC)622056310 |
| 780 00 - PRECEDING ENTRY |
| Title |
Prospects of world urbanization |
| Record control number |
(DLC) 90660258 |
| -- |
(OCoLC)21192884 |
| 787 08 - OTHER RELATIONSHIP ENTRY |
| Relationship information |
Companion publication: |
| Title |
Urban and rural areas |
| Record control number |
(OCoLC)42323789 |
| 787 08 - OTHER RELATIONSHIP ENTRY |
| Relationship information |
Companion publication: |
| Title |
Urban agglomerations |
| Record control number |
(DLC)sn 98038046 |
| -- |
(OCoLC)33020436 |
| 906 ## - LOCAL DATA ELEMENT F, LDF (RLIN) |
| a |
7 |
| b |
cbc |
| c |
serials |
| d |
3 |
| e |
ncip |
| f |
19 |
| g |
n-oclcserc |
| 942 ## - ADDED ENTRY ELEMENTS (KOHA) |
| Source of classification or shelving scheme |
|
| Koha item type |
Book |